Nepříznivé aspekty procesu obnovy nemovitých památek z hlediska závazného stanoviska orgánu památkové péče a délky správního řízení
Problematika ochrany kultúrnych pamiatok a historických budov, na ktoré sa vzťahujú prísne právne predpisy v rámci Českej republiky a v kombinácii so stavebnými a správnymi predpismi sú pre vlastníkov pamiatok veľmi komplikované a v niektorých prípadoch môžu byť pre ochranu pamiatok kontraproduktívn...
Salvato in:
| Autore principale: | |
|---|---|
| Natura: | Capitolo di libro |
| Lingua: | ceco |
| Soggetti: | |
| Tags: |
Nessun Tag, puoi essere il primo ad aggiungerne!!
|
MARC
| LEADER | 00000naa a2200000 4500 | ||
|---|---|---|---|
| 001 | 0282844 | ||
| 005 | 20220629154831.1 | ||
| 041 | 0 | |a cze | |
| 044 | |a CZ | ||
| 245 | 1 | 0 | |a Nepříznivé aspekty procesu obnovy nemovitých památek z hlediska závazného stanoviska orgánu památkové péče a délky správního řízení |c Michal Vondruška |
| 520 | |a Problematika ochrany kultúrnych pamiatok a historických budov, na ktoré sa vzťahujú prísne právne predpisy v rámci Českej republiky a v kombinácii so stavebnými a správnymi predpismi sú pre vlastníkov pamiatok veľmi komplikované a v niektorých prípadoch môžu byť pre ochranu pamiatok kontraproduktívne. Nepriaznivé aspekty procesu obnovy nehnuteľných pamiatok z hľadiska zodpovednosti za obsah stavebno-technologických pokynov vo vydaných stanoviskách orgánov pamiatkovej ochrany a dĺžky správneho konania. | ||
| 610 | 2 | 0 | |a pamiatky |
| 610 | 2 | 0 | |a ochrana pamiatok |
| 610 | 2 | 0 | |a dedičstvo kultúrne |
| 610 | 2 | 0 | |a objekty stavebné |
| 610 | 2 | 0 | |a budovy |
| 610 | 2 | 0 | |a predpisy právne |
| 610 | 2 | 0 | |a konanie správne |
| 610 | 2 | 0 | |a orgány štátne |
| 610 | 2 | 0 | |a byrokracia |
| 610 | 2 | 0 | |a Česko |
| 100 | 1 | |a Vondruška, Michal | |